书目信息 |
| 题名: |
高等教育理论研究精论集
|
|
| 作者: | 陈学飞 , 秦惠民 主编 | |
| 分册: | 中 | |
| 出版信息: | 北京 中央编译出版社 2004.06 |
|
| 页数: | 322页 | |
| 开本: | 21cm | |
| 丛书名: | 中国学术思想库 | |
| 单 册: | ||
| 中图分类: | G640-53 | |
| 科图分类: | ||
| 主题词: | 高等教育--gao deng jiao yu--教育理论--文集 | |
| 电子资源: | ||
| ISBN: | 7-80109-907-9 | |
| 000 | 01416nam 2200313 450 | |
| 001 | 012007749629 | |
| 005 | 20071106191005.62 | |
| 010 | @a7-80109-907-9@dCNY98.00 (全3册) | |
| 100 | @a20071106d2004 km y0chiy0120 ea | |
| 101 | 0 | @achi |
| 102 | @aCN@b110000 | |
| 105 | @aa a 000yy | |
| 106 | @ar | |
| 200 | 1 | @a高等教育理论研究精论集@Agao deng jiao yu li lun yan jiu jing lun ji@e135位学者论高等教育大众化与高校扩招@h中@f陈学飞, 秦惠民主编@Fchen xue fei,qin hui min zhu bian |
| 210 | @a北京@c中央编译出版社@d2004.06 | |
| 215 | @a322页@c图@d21cm@e光盘1片 | |
| 225 | 2 | @a中国学术思想库@Azhong guo xue shu si xiang ku |
| 300 | @a附光盘: 高等教育理论研究文献目录索引5.5万条(1978-2004)。中国人民大学出版资料中心出品。 | |
| 307 | @a光盘 ISBN : 7-89995-937-3 | |
| 320 | @a有书目。 | |
| 330 | @a本书汇集了众多国内外专家学者的研究成果,论者从教育学、经济学、社会学、文化学等多个角度,对近年来高等教育大众化的理论与政策、高等教育质量问题、大学生就业问题以及大众化背景下的民办教育与职成教问题等进行了评述和理论研究。 | |
| 410 | 0 | @12001 @a中国学术思想库 |
| 517 | 1 | @a135位学者论高等教育大众化与高校扩招@A135 wei xue zhe lun gao deng jiao yu da zhong hua yu gao xiao kuo zhao |
| 606 | 0 | @a高等教育@Agao deng jiao yu@x教育理论@j文集 |
| 690 | @aG640-53@v4 | |
| 701 | 0 | @a陈学飞@Achen xue fei@4主编 |
| 701 | 0 | @a秦惠民@Aqin hui min@4主编 |
| 801 | 0 | @aCN@b@c20071106 |
| 905 | @b264967@dG640-53@eC601:2@f1 | |
| 高等教育理论研究精论集:135位学者论高等教育大众化与高校扩招.中/陈学飞, 秦惠民主编.-北京:中央编译出版社,2004.06 |
| 322页:图;21cm+光盘1片.-(中国学术思想库) |
| 附光盘: 高等教育理论研究文献目录索引5.5万条(1978-2004)。中国人民大学出版资料中心出品。 |
| ISBN 7-80109-907-9:CNY98.00 (全3册) |
| 本书汇集了众多国内外专家学者的研究成果,论者从教育学、经济学、社会学、文化学等多个角度,对近年来高等教育大众化的理论与政策、高等教育质量问题、大学生就业问题以及大众化背景下的民办教育与职成教问题等进行了评述和理论研究。 |
| ● |
| 相关链接 |
|
|
|
正题名:高等教育理论研究精论集
索取号:G640-53/C601:2
 
预约/预借
| 序号 | 登录号 | 条形码 | 馆藏地/架位号 | 状态 | 备注 |
| 1 | 264967 | 202649679 | 社科库409/409社科库 10排1列1层/ [索取号:G640-53/C601:2] | 在馆 |